Most career Brownlow Medal best on grounds - Statistics

General Stats
  • This quiz has been taken 15 times
  • The average score is 14 of 26
Answer Stats
Answer Career Span 3 Vote Games % Correct
Gary Ablett 2002 - 2020 55
92%
Chris Judd 2002 - 2015 46
85%
Nathan Buckley 1993 - 2007 34
85%
Scott Pendlebury 2006 - 38
85%
Brent Harvey 1996 - 2016 41
77%
Robert Harvey 1988 - 2008 45
77%
Dustin Martin 2010 - 41
69%
Joel Selwood 2007 - 36
69%
Patrick Dangerfield 2008 - 53
69%
Sam Mitchell 2002 - 2017 45
69%
Adam Goodes 1999 - 2015 30
62%
Greg Williams 1984 - 1997 34
62%
Lachie Neale 2012 - 39
62%
Nat Fyfe 2010 - 41
62%
Bob Skilton 1956 - 1971 31
54%
Lance Franklin 2005 - 35
54%
Leigh Matthews 1969 - 1985 36
54%
Dane Swan 2003 - 2016 33
46%
Marcus Bontempelli 2014 - 36
46%
Simon Black 1998 - 2013 38
46%
Travis Boak 2007 - 2022 31
38%
Scott West 1993 - 2008 31
31%
Ian Stewart 1963 - 1975 31
23%
Andrew McLeod 1995 - 2010 31
15%
Gary Dempsey 1967 - 1984 45
15%
Kevin Murray 1955 - 1974 31
0%
No matching quizzes found
Score Distribution
Percent of People with Each Score
Percentile by Number Answered
Your Score History
You have not taken this quiz